| 000 | 00483nam a2200181 a 4500 | ||
|---|---|---|---|
| 005 | 20210223125658.0 | ||
| 008 | 050827s1980 mx r 000 0 spa d | ||
| 020 | _a0896730506 | ||
| 035 | _aUPN01000139834 | ||
| 049 | _aCE | ||
| 050 | 4 |
_aTX741 _bD8.3 |
|
| 100 | 1 | _aDuff, Gail | |
| 245 | 1 | 0 |
_aCooking the natural way / _cGail Duff. |
| 260 |
_aNew York : _bExeter Books, _c1980. |
||
| 300 |
_a151 p. : _bil. col. |
||
| 650 | 4 |
_aCOCINA - _xALIMENTOS NATURALES _95063 |
|
| 905 | _aLibro | ||
| 999 |
_c111982 _d111982 |
||